Statistics for Word Scramble - Californian Cities

Click here to take the quiz!

General Stats

  • This quiz has been taken 239 times
  • The average score is 8 of 20

Answer Stats

InitialCity / Town% Correct
AAlbany
100%
AAnaheim
100%
AAnderson
100%
AArcadia
100%
AArcata
100%
AAvalon
100%
BBell
100%
BBelvedere
100%
BBishop
100%
BBrisbane
100%
CCarlsbad
100%
CColfax
100%
CCompton
100%
CCoronado
100%
DDanville
100%
DDixon
100%
EEureka
100%
FFolsom
100%
FFontana
100%
FFortuna
100%
FFremont
100%
FFresno
100%
GGalt
100%
GGuadalupe
100%
HHuron
100%
IIrvine
100%
KKingsburg
100%
LLincoln
100%
LLivingston
100%
LLompoc
100%
MMerced
100%
NNapa
100%
NNorco
100%
OOceanside
100%
OOjai
100%
PPomona
100%
RRichmond
100%
RRoseville
100%
RRoss
100%
TTaft
100%
UUkiah
100%
VVista
100%
WWalnut
100%
WWeed
100%
DDavis
80%
MMadera
80%
TTemecula
80%
VVallejo
80%
AArvin
75%
AAuburn
75%
BBiggs
75%
CCovina
75%
FFairfax
75%
IIone
75%
JJackson
75%
LLodi
75%
NNeedles
75%
OOakland
75%
RRiverside
75%
SSacramento
75%
SSonora
75%
SStockton
75%
UUpland
75%
VVernon
75%
WWilliams
75%
AAlhambra
67%
AAzusa
67%
BBarstow
67%
BBerkeley
67%
BBrentwood
67%
CCarson
67%
CChico
67%
CChino
67%
CClovis
67%
CColton
67%
CCommerce
67%
CCorning
67%
CCypress
67%
DDorris
67%
EExeter
67%
GGlendale
67%
GGreenfield
67%
IIndio
67%
LLafayette
67%
MMaricopa
67%
PParadise
67%
PPlacentia
67%
WWheatland
67%
CCalexico
60%
HHanford
60%
LLynwood
60%
WWasco
57%
WWaterford
56%
AAntioch
50%
AAtwater
50%
BBakersfield
50%
BBenicia
50%
BBrea
50%
CCloverdale
50%
CConcord
50%
CCorona
50%
CCotati
50%
DDinuba
50%
EEastvale
50%
EEmeryville
50%
EEscondido
50%
FFowler
50%
HHealdsburg
50%
HHollister
50%
IImperial
50%
MMartinez
50%
MMontague
50%
MMoraga
50%
NNewark
50%
NNewman
50%
NNorwalk
50%
NNovato
50%
OOakley
50%
OOntario
50%
OOrland
50%
PPalmdale
50%
PPasadena
50%
PPiedmont
50%
PPittsburg
50%
SSalinas
50%
SSaratoga
50%
SSelma
50%
TTracy
50%
TTurlock
50%
TTustin
50%
VVentura
50%
WWindsor
50%
WWoodland
50%
YYucaipa
50%
OOxnard
43%
SSausalito
43%
BBeaumont
40%
CCalabasas
40%
CCampbell
40%
EEtna
40%
PPorterville
40%
PPoway
40%
SStanton
40%
TTrinidad
40%
BBrawley
33%
CCerritos
33%
CChowchilla
33%
DDelano
33%
DDowney
33%
FFarmersville
33%
GGilroy
33%
LLawndale
33%
LLomita
33%
MManteca
33%
MMarysville
33%
MModesto
33%
MMonrovia
33%
PPatterson
33%
PPinole
33%
PPortola
33%
RRocklin
33%
SSeaside
33%
SSebastopol
33%
TTiburon
33%
WWillows
33%
WWinters
33%
WWoodside
33%
LLoomis
29%
MMontebello
29%
SSoledad
29%
BBelmont
25%
BBurbank
25%
CCeres
25%
CCupertino
25%
DDublin
25%
FFairfield
25%
GGardena
25%
OOrinda
25%
RRedding
25%
RRedlands
25%
VVisalia
25%
WWestminster
25%
YYreka
25%
AAlturas
20%
BBellflower
20%
CCoachella
20%
CColma
20%
CCorcoran
20%
LLakeport
20%
LLarkspur
20%
LLivermore
20%
MMontclair
20%
OOroville
20%
PPacifica
20%
PPerris
20%
AAdelanto
0%
AAlameda
0%
AArtesia
0%
AAtascadero
0%
AAtherton
0%
AAvenal
0%
BBanning
0%
BBlythe
0%
BBradbury
0%
BBuellton
0%
BBurlingame
0%
CCalimesa
0%
CCalipatria
0%
CCalistoga
0%
CCamarillo
0%
CCapitola
0%
CCarpinteria
0%
CClaremont
0%
CClayton
0%
CClearlake
0%
CCoalinga
0%
CColusa
0%
CCudahy
0%
DDuarte
0%
DDunsmuir
0%
EEncinitas
0%
EEscalon
0%
FFerndale
0%
FFillmore
0%
FFirebaugh
0%
FFullerton
0%
GGlendora
0%
GGoleta
0%
GGonzales
0%
GGridley
0%
GGustine
0%
HHawthorne
0%
HHayward
0%
HHemet
0%
HHercules
0%
HHesperia
0%
HHighland
0%
HHillsborough
0%
HHoltville
0%
HHughson
0%
IIndustry
0%
IInglewood
0%
IIrwindale
0%
IIsleton
0%
KKerman
0%
LLancaster
0%
LLathrop
0%
LLemoore
0%
LLindsay
0%
LLoyalton
0%
MMalibu
0%
MMarina
0%
MMaywood
0%
MMcFarland
0%
MMendota
0%
MMenifee
0%
MMillbrae
0%
MMilpitas
0%
MMonterey
0%
MMoorpark
0%
MMurrieta
0%
OOakdale
0%
OOrange
0%
PParamount
0%
PParlier
0%
PPetaluma
0%
PPlacerville
0%
PPleasanton
0%
PPlymouth
0%
RReedley
0%
RRialto
0%
RRidgecrest
0%
RRipon
0%
RRiverbank
0%
RRosemead
0%
SSanger
0%
SSantee
0%
SShafter
0%
SSolvang
0%
SSonoma
0%
SSunnyvale
0%
SSusanville
0%
TTehachapi
0%
TTehama
0%
TTorrance
0%
TTruckee
0%
TTulare
0%
TTulelake
0%
VVacaville
0%
VVictorville
0%
WWatsonville
0%
WWestmorland
0%
WWhittier
0%
WWildomar
0%
WWillits
0%
YYountville
0%

Score Distribution

Percentile by Number Answered

Percent of People with Each Score

Your Score History

You have not taken this quiz